[Event "DEM U16 2012"]
[Site "Oberhof GER"]
[Date "2012.05.27"]
[Round "1"]
[White "Kyas, Philipp"]
[Black "Schreiber, Kevin"]
[Result "1-0"]
[Termination "time forfeit"]
[Board "9"]
[WhiteElo "2100"]
[BlackElo "1869"]
[PlyCount "77"]
[WhiteFideId "24670936"]
[BlackFideId "24655830"]
[EventCountry "GER"]
[EventRounds "9"]
[EventType "swiss"]
[EventDate "2012.05.26"]

1. d4 d5 2. c4 e6 3. Nc3 Be7 4. Nf3 Nf6 5. cxd5 exd5 6. Bg5 c6 7. Qc2 Nbd7 8.
e3 O-O 9. Bd3 Re8 10. O-O Nf8 11. Rae1 Ne4 12. Bxe7 Qxe7 13. Bxe4 dxe4 14. Nd2
f5 15. f3 exf3 16. Nxf3 Be6 17. e4 fxe4 18. Rxe4 Qd6 19. Re3 Bf7 20. Qf2 Rxe3
21. Qxe3 Ng6 22. Ne5 Rf8 23. Ne4 Qd5 24. Ng5 Be8 25. Rxf8+ Nxf8 26. b3 Ne6 27.
Nxc6 Qxg5 28. Qxe6+ Kf8 29. Qd6+ Kg8 30. Qd5+ Qxd5 31. Ne7+ Kf7 32. Nxd5 Bc6
33. Nc3 Ke6 34. Kf2 b6 35. b4 a6 36. g3 h6 37. Ke3 g6 38. Kd3 Kd6 39. a4 1-0

[Event "DEM U16 2012"]
[Site "Oberhof GER"]
[Date "2012.05.27"]
[Round "1"]
[White "Katz, Leo"]
[Black "Möhn, Hans"]
[Result "0-1"]
[Termination "normal"]
[Board "10"]
[WhiteElo "1817"]
[BlackElo "2106"]
[PlyCount "66"]
[WhiteFideId "12918458"]
[BlackFideId "24647837"]
[EventCountry "GER"]
[EventRounds "9"]
[EventType "swiss"]
[EventDate "2012.05.26"]

1. e4 c5 2. Nf3 e6 3. d4 cxd4 4. Nxd4 a6 5. c4 Qc7 6. Nc3 Nf6 7. Qc2 b6 8. Be2
Bb7 9. Be3 Be7 10. O-O-O d6 11. Rhf1 O-O 12. g4 Re8 13. g5 Nfd7 14. f4 Bf8 15.
Rf3 Nc6 16. Nxc6 Bxc6 17. Rh3 g6 18. Bd3 Qb7 19. Qf2 b5 20. Qh4 h5 21. gxh6 Kh7
22. f5 Ne5 23. fxg6+ fxg6 24. c5 dxc5 25. Qg5 Nxd3+ 26. Rxd3 b4 27. Rg3 Qf7 28.
Nd1 Bxe4 29. Rd2 Bf5 30. Nf2 e5 31. b3 Be7 32. Rd7 Bxd7 33. Qxe5 Bh4 0-1

[Event "DEM U16 2012"]
[Site "Oberhof GER"]
[Date "2012.05.27"]
[Round "1"]
[White "Koop, Thorben"]
[Black "Passon, Marcel"]
[Result "1-0"]
[Termination "normal"]
[Board "11"]
[WhiteElo "2141"]
[BlackElo "1894"]
[PlyCount "87"]
[WhiteFideId "24661619"]
[BlackFideId "12905186"]
[EventCountry "GER"]
[EventRounds "9"]
[EventType "swiss"]
[EventDate "2012.05.26"]

1. e4 e5 2. Nf3 Nc6 3. Bc4 Bc5 4. c3 Nf6 5. d3 d5 6. exd5 Nxd5 7. O-O O-O 8. b4
Be7 9. Re1 Nb6 10. Bb5 f6 11. Qb3+ Qd5 12. Qxd5+ Nxd5 13. Bc4 Rd8 14. d4 Bg4
15. Nbd2 Kf8 16. dxe5 Nxc3 17. Bb2 Na4 18. exf6 gxf6 19. Ba3 Bxb4 20. Bxb4+
Nxb4 21. Re4 f5 22. Re6 Rd6 23. Rxd6 cxd6 24. Rb1 a5 25. a3 Bxf3 26. Nxf3 d5
27. Bf1 Nc2 28. Bd3 Rc8 29. Rc1 Rc3 30. Bxc2 Nc5 31. Nd4 Rc4 32. Rd1 f4 33. Bb3
Rc3 34. Bxd5 Rxa3 35. Kf1 b6 36. Rb1 Rd3 37. Ne6+ Nxe6 38. Bxe6 Rd6 39. Bc4 Ke7
40. Ke2 Rc6 41. Bd3 Rh6 42. Kf3 Kd7 43. Kxf4 Rxh2 44. Bf5+ 1-0

[Event "DEM U16 2012"]
[Site "Oberhof GER"]
[Date "2012.05.27"]
[Round "1"]
[White "Imcke, Patrick"]
[Black "Tennert, Simon"]
[Result "1-0"]
[Termination "normal"]
[Board "12"]
[WhiteElo "1855"]
[BlackElo "2074"]
[PlyCount "67"]
[WhiteFideId "4622502"]
[BlackFideId "1270445"]
[EventCountry "GER"]
[EventRounds "9"]
[EventType "swiss"]
[EventDate "2012.05.26"]

1. e4 c5 2. Nf3 e6 3. Nc3 a6 4. g3 b5 5. Bg2 Bb7 6. d4 cxd4 7. Nxd4 Qc7 8. O-O
Nc6 9. Re1 Be7 10. Bf4 Ne5 11. Qh5 Bf6 12. Rad1 g6 13. Qe2 Ne7 14. Bc1 N7c6 15.
Nxc6 dxc6 16. f4 Nc4 17. e5 Be7 18. Ne4 O-O 19. Nf6+ Bxf6 20. exf6 Rfd8 21. b3
Nd6 22. Bb2 Ne8 23. Qe3 Rxd1 24. Rxd1 Rd8 25. Re1 c5 26. Bxb7 Qxb7 27. f5 gxf5
28. Qg5+ Kh8 29. Rxe6 Rd1+ 30. Kf2 Rf1+ 31. Kxf1 Qf3+ 32. Kg1 Qd1+ 33. Kf2
Qxc2+ 34. Re2 1-0

[Event "DEM U16 2012"]
[Site "Oberhof GER"]
[Date "2012.05.27"]
[Round "1"]
[White "Lerch, Philipp"]
[Black "Persch, Adrian"]
[Result "1-0"]
[Termination "normal"]
[Board "13"]
[WhiteElo "2084"]
[BlackElo "2030"]
[PlyCount "77"]
[WhiteFideId "4654129"]
[BlackFideId "24698830"]
[EventCountry "GER"]
[EventRounds "9"]
[EventType "swiss"]
[EventDate "2012.05.26"]

1. e4 c6 2. d4 d5 3. e5 c5 4. dxc5 Nc6 5. Bb5 e6 6. Be3 Nge7 7. c3 Nf5 8. Qd2
Bd7 9. Bxc6 bxc6 10. Nf3 Nxe3 11. Qxe3 a5 12. b4 Qb8 13. a3 Qb5 14. Qe2 Qa6 15.
Nbd2 Be7 16. Qxa6 Rxa6 17. Nb3 axb4 18. axb4 Rxa1+ 19. Nxa1 O-O 20. Kd2 Ra8 21.
Nc2 Kf8 22. Ke1 Ke8 23. Kd2 Kd8 24. Ncd4 Kc7 25. h4 Rb8 26. Nb3 Ra8 27. g3 f6
28. Nbd4 Rb8 29. Re1 Bxc5 30. exf6 Bxd4 31. Nxd4 Kd6 32. fxg7 Rg8 33. Nf3 Rxg7
34. Ne5 Bc8 35. Nd3 Rf7 36. f4 Rf5 37. Ra1 Rf8 38. Ra7 h5 39. Rg7 1-0

[Event "DEM U16 2012"]
[Site "Oberhof GER"]
[Date "2012.05.27"]
[Round "1"]
[White "Kardoeus, David"]
[Black "Stanau, Guido"]
[Result "0-1"]
[Termination "normal"]
[Board "14"]
[WhiteElo "1771"]
[BlackElo "2094"]
[PlyCount "50"]
[WhiteFideId "12912050"]
[BlackFideId "24692255"]
[EventCountry "GER"]
[EventRounds "9"]
[EventType "swiss"]
[EventDate "2012.05.26"]

1. b3 e5 2. Bb2 d6 3. g3 Nc6 4. Bg2 g6 5. c4 Bg7 6. d3 f5 7. Nc3 Nf6 8. e3 O-O
9. Nge2 Be6 10. O-O Qd7 11. Qd2 Rae8 12. Rad1 Nh5 13. d4 exd4 14. exd4 Bf7 15.
f4 Qe7 16. d5 Nb4 17. Kf2 Nf6 18. a3 Ng4+ 19. Kg1 Na6 20. Rfe1 Qe3+ 21. Qxe3
Nxe3 22. Rd2 Nc5 23. b4 Nxc4 24. bxc5 Nxd2 25. Bc1 Bxc3 0-1

[Event "DEM U16 2012"]
[Site "Oberhof GER"]
[Date "2012.05.27"]
[Round "1"]
[White "Powierski, Emil"]
[Black "Knopf, Felix"]
[Result "1-0"]
[Termination "normal"]
[Board "15"]
[WhiteElo "2044"]
[BlackElo "1790"]
[PlyCount "71"]
[WhiteFideId "4656199"]
[BlackFideId "24692204"]
[EventCountry "GER"]
[EventRounds "9"]
[EventType "swiss"]
[EventDate "2012.05.26"]

1. e4 c5 2. Nf3 d6 3. d4 cxd4 4. Nxd4 Nf6 5. Nc3 a6 6. Be2 Nbd7 7. f4 e6 8. Bf3
Qc7 9. O-O Be7 10. Kh1 h5 11. Qe2 h4 12. Bd2 g6 13. Rae1 e5 14. fxe5 dxe5 15.
Nd5 Qd8 16. Nxe7 Qxe7 17. Bg5 Qf8 18. Nb3 Qg7 19. Qf2 h3 20. gxh3 Rxh3 21. Kg1
Rh7 22. Nc5 Nf8 23. Rd1 Bh3 24. Bg2 Ng4 25. Qg3 Bxg2 26. Qxg2 Nxh2 27. Nxb7 f6
28. Nd6+ Ke7 29. Bxf6+ Qxf6 30. Rxf6 Kxf6 31. Qf2+ Ke7 32. Nc4 Nd7 33. Rxd7+
Kxd7 34. Nb6+ Kc6 35. Nxa8 Kb7 36. Qxh2 1-0

[Event "DEM U16 2012"]
[Site "Oberhof GER"]
[Date "2012.05.27"]
[Round "1"]
[White "Galkin, Wladislaw"]
[Black "Kühne, Niklas"]
[Result "1-0"]
[Termination "normal"]
[Board "16"]
[WhiteElo "1989"]
[BlackElo "1724"]
[PlyCount "79"]
[WhiteFideId "4603192"]
[BlackFideId "24690015"]
[EventCountry "GER"]
[EventRounds "9"]
[EventType "swiss"]
[EventDate "2012.05.26"]

1. c4 e6 2. g3 Nf6 3. Bg2 d5 4. cxd5 exd5 5. Nf3 c6 6. O-O Be7 7. d3 O-O 8. Qc2
Bf5 9. Nbd2 Qc8 10. Re1 Bg6 11. b3 Nbd7 12. Bb2 Re8 13. Bh3 Qc7 14. Rac1 Rad8
15. Nh4 Bc5 16. Nxg6 hxg6 17. Bxf6 Bxf2+ 18. Kxf2 Nxf6 19. e3 Re5 20. Qd1 Rh5
21. Kg2 Kh7 22. Bg4 Rh6 23. Nf1 Qa5 24. a4 Qb4 25. Bf3 g5 26. Kg1 Rh8 27. d4
Kg8 28. e4 g4 29. Bg2 dxe4 30. Bxe4 g6 31. Qd3 Kg7 32. Qc4 Qd6 33. Qc5 Qc7 34.
Bg2 a6 35. Re7 Qb8 36. Rce1 Rh5 37. R1e5 R5h6 38. Rxf7+ Kxf7 39. Re7+ Kg8 40.
Qc4+ 1-0

[Event "DEM U16 2012"]
[Site "Oberhof GER"]
[Date "2012.05.27"]
[Round "1"]
[White "Adiyaman, Rene"]
[Black "Grötzbach, Julian"]
[Result "1-0"]
[Termination "normal"]
[Board "17"]
[WhiteElo "1860"]
[BlackElo "2042"]
[PlyCount "82"]
[WhiteFideId "12910414"]
[BlackFideId "24600938"]
[EventCountry "GER"]
[EventRounds "9"]
[EventType "swiss"]
[EventDate "2012.05.26"]

1. e4 c5 2. c3 d5 3. exd5 Qxd5 4. Nf3 g6 5. d4 cxd4 6. Nxd4 a6 7. Nd2 Bg7 8.
N4f3 Nh6 9. Bc4 Qc5 10. O-O O-O 11. Qe2 b5 12. Bd3 Bb7 13. Be4 Qc7 14. Re1 e6
15. Nb3 Nd7 16. Bg5 Ng4 17. Rad1 Ngf6 18. Bxf6 Nxf6 19. Bxb7 Qxb7 20. Nfd4 Nd5
21. Nxe6 Rfe8 22. Nec5 Rxe2 23. Nxb7 Rxe1+ 24. Rxe1 Nb6 25. g3 Nc4 26. Re2 a5
27. Rc2 Bf8 28. N3c5 Rc8 29. b4 axb4 30. cxb4 Nb6 31. Rd2 Nc4 32. Rd5 Ra8 33.
Ne4 Bxb4 34. Rxb5 Be7 35. Nc3 Kf8 36. a4 Bf6 37. Nd5 Bd4 38. a5 Ra7 39. Kg2 Ke8
40. Rb4 Bg7 41. Nc5 Nxa5 1-0

[Event "DEM U16 2012"]
[Site "Oberhof GER"]
[Date "2012.05.27"]
[Round "2"]
[White "Koop, Thorben"]
[Black "Kvetny, Mark"]
[Result "0-1"]
[Termination "normal"]
[Board "1"]
[WhiteElo "2141"]
[BlackElo "2230"]
[PlyCount "68"]
[WhiteFideId "24661619"]
[BlackFideId "24603929"]
[EventCountry "GER"]
[EventRounds "9"]
[EventType "swiss"]
[EventDate "2012.05.26"]

1. e4 c5 2. Nf3 d6 3. d4 cxd4 4. Nxd4 Nf6 5. Nc3 a6 6. h3 e6 7. g4 b5 8. Bg2
Bb7 9. O-O Nc6 10. e5 Nxd4 11. Bxb7 dxe5 12. Bxa8 Qxa8 13. f4 Bc5 14. Be3 Nd5
15. Nxd5 Qxd5 16. c3 Nc2 17. Bxc5 Qxc5+ 18. Kh2 Nxa1 19. Qf3 O-O 20. Rxa1 exf4
21. Qxf4 Qd5 22. a4 Qb3 23. Qd2 bxa4 24. Ra3 Qb8+ 25. Kg2 Rd8 26. Qf2 Qb7+ 27.
Kh2 Qc7+ 28. Kg2 Qc6+ 29. Kh2 Qd6+ 30. Kg2 Qd1 31. Qb6 Rd2+ 32. Kg3 Qe1+ 33.
Kf3 Rd3+ 34. Kf4 Qg3+ 0-1

[Event "DEM U16 2012"]
[Site "Oberhof GER"]
[Date "2012.05.27"]
[Round "2"]
[White "Lampert, Jonas"]
[Black "Lerch, Philipp"]
[Result "1/2-1/2"]
[Termination "normal"]
[Board "2"]
[WhiteElo "2279"]
[BlackElo "2084"]
[PlyCount "156"]
[WhiteFideId "1303759"]
[BlackFideId "4654129"]
[EventCountry "GER"]
[EventRounds "9"]
[EventType "swiss"]
[EventDate "2012.05.26"]

1. e4 c6 2. d4 d5 3. Nc3 dxe4 4. Nxe4 Bf5 5. Ng3 Bg6 6. h4 h6 7. Nf3 Nd7 8. h5
Bh7 9. Bd3 Bxd3 10. Qxd3 e6 11. Bd2 Ngf6 12. O-O-O Be7 13. Kb1 O-O 14. Ne4 Nxe4
15. Qxe4 Nf6 16. Qe2 Qd5 17. Ne5 Qe4 18. Qxe4 Nxe4 19. Be1 Rad8 20. f3 Nf6 21.
Bh4 Rfe8 22. c4 Nd7 23. Nxd7 Rxd7 24. Bxe7 Rexe7 25. Kc2 Re8 26. Rd3 Red8 27.
Rhd1 Kf8 28. g4 Ke7 29. f4 Kf6 30. Kc3 Ke7 31. a4 a6 32. a5 Kf6 33. Rf1 g6 34.
g5+ hxg5 35. fxg5+ Kxg5 36. Rg3+ Kh6 37. hxg6 fxg6 38. Rh1+ Kg7 39. Rhg1 Kf7
40. Rxg6 Ke7 41. Re1 Kd6 42. Rgxe6+ Kc7 43. Re7 Rh8 44. R1e2 Rh4 45. Rxd7+ Kxd7
46. Rg2 Rf4 47. Rg7+ Kc8 48. Re7 Rg4 49. Re3 Kd7 50. Rd3 Kd6 51. d5 cxd5 52.
Rxd5+ Kc6 53. Rh5 Rg3+ 54. Kb4 Rg2 55. Rh6+ Kc7 56. b3 Rg3 57. Rb6 Rh3 58. Rg6
Rf3 59. Ka4 Rh3 60. Rg1 Rc3 61. Kb4 Rf3 62. Re1 Rg3 63. Rd1 Rf3 64. Rc1 Rg3 65.
Rc3 Rg5 66. Rd3 Rh5 67. Rd4 Rh3 68. c5 Rg3 69. Kc4 Rh3 70. Re4 Rh1 71. Kd5 Rd1+
72. Rd4 Re1 73. Rh4 Rd1+ 74. Kc4 Rc1+ 75. Kb4 Rg1 76. Rh7+ Kc6 77. Rh6+ Kc7 78.
Rb6 Rc1 1/2-1/2

[Event "DEM U16 2012"]
[Site "Oberhof GER"]
[Date "2012.05.27"]
[Round "2"]
[White "Stanau, Guido"]
[Black "Noe, Christopher"]
[Result "0-1"]
[Termination "normal"]
[Board "3"]
[WhiteElo "2094"]
[BlackElo "2158"]
[PlyCount "30"]
[WhiteFideId "24692255"]
[BlackFideId "24692018"]
[EventCountry "GER"]
[EventRounds "9"]
[EventType "swiss"]
[EventDate "2012.05.26"]

1. e4 c5 2. Nf3 b6 3. c3 Bb7 4. Bc4 e6 5. Qe2 Nf6 6. e5 Nd5 7. O-O Nf4 8. Qe3
g5 9. d4 Nxg2 10. Kxg2 g4 11. Nbd2 Qh4 12. Rg1 Bh6 13. Qd3 Bxd2 14. Kf1 Qh3+
15. Ke2 Bxc1 0-1

[Event "DEM U16 2012"]
[Site "Oberhof GER"]
[Date "2012.05.27"]
[Round "2"]
[White "Neef, Maximilian"]
[Black "Powierski, Emil"]
[Result "1/2-1/2"]
[Termination "normal"]
[Board "4"]
[WhiteElo "2064"]
[BlackElo "2044"]
[PlyCount "72"]
[WhiteFideId "24692085"]
[BlackFideId "4656199"]
[EventCountry "GER"]
[EventRounds "9"]
[EventType "swiss"]
[EventDate "2012.05.26"]

1. c4 c5 2. Nf3 g6 3. d4 cxd4 4. Nxd4 Bg7 5. e4 Nc6 6. Be3 d6 7. Nc3 Nf6 8. Be2
O-O 9. O-O Nxd4 10. Bxd4 Bd7 11. Qd2 Bc6 12. f3 a5 13. b3 Nd7 14. Be3 Nc5 15.
Rab1 Qb6 16. Rfc1 Rfc8 17. Kh1 Qd8 18. Rc2 h5 19. Qe1 Kh7 20. Bf1 Qh8 21. Nd5
Bxd5 22. exd5 Re8 23. Qd2 Qf8 24. Bd3 Bh6 25. f4 e5 26. dxe6 Rxe6 27. Rf1 Qe7
28. Bxc5 dxc5 29. Qf2 f5 30. Re2 Rd8 31. Rxe6 Qxe6 32. Qf3 b6 33. g3 Bg7 34.
Rf2 Qe1+ 35. Kg2 Qc3 36. Bc2 Qxf3+ 1/2-1/2

[Event "DEM U16 2012"]
[Site "Oberhof GER"]
[Date "2012.05.27"]
[Round "2"]
[White "Galkin, Wladislaw"]
[Black "Carow, Johannes"]
[Result "0-1"]
[Termination "normal"]
[Board "5"]
[WhiteElo "1989"]
[BlackElo "2206"]
[PlyCount "88"]
[WhiteFideId "4603192"]
[BlackFideId "24692050"]
[EventCountry "GER"]
[EventRounds "9"]
[EventType "swiss"]
[EventDate "2012.05.26"]

1. c4 c5 2. g3 g6 3. Bg2 Bg7 4. Nc3 Nc6 5. a3 e6 6. d3 Nge7 7. Nf3 O-O 8. O-O
b6 9. Rb1 Bb7 10. Bd2 d5 11. b4 cxb4 12. axb4 dxc4 13. dxc4 Rc8 14. Nb5 a6 15.
Na3 Qc7 16. Qc1 Nf5 17. Bc3 Ncd4 18. Nxd4 Nxd4 19. Bxd4 Bxd4 20. Bxb7 Qxb7 21.
Rd1 Qe4 22. Rd3 Rfd8 23. Qd2 Bf6 24. Rbb3 Rd4 25. Rxd4 Bxd4 26. Rd3 Bf6 27. Rd7
Qe5 28. Qd3 Qb2 29. c5 Qxb4 30. Qf3 Kg7 31. Qb7 Rf8 32. Qxa6 bxc5 33. e3 h5 34.
Nc4 Qb1+ 35. Kg2 Qe4+ 36. Kg1 Qb1+ 37. Kg2 Qe4+ 38. Kg1 Ra8 39. Nd2 Qb1+ 40.
Nxb1 Rxa6 41. Nd2 Ra1+ 42. Kg2 Rd1 43. Kf3 Bc3 44. Rd3 Bb4 0-1

[Event "DEM U16 2012"]
[Site "Oberhof GER"]
[Date "2012.05.27"]
[Round "2"]
[White "Krause, Benedict"]
[Black "Moritz, Aron"]
[Result "1/2-1/2"]
[Termination "normal"]
[Board "6"]
[WhiteElo "1930"]
[BlackElo "2130"]
[PlyCount "47"]
[WhiteFideId "12917990"]
[BlackFideId "24672319"]
[EventCountry "GER"]
[EventRounds "9"]
[EventType "swiss"]
[EventDate "2012.05.26"]

1. e4 c5 2. Nf3 d6 3. Bb5+ Bd7 4. Bxd7+ Nxd7 5. O-O Ngf6 6. Qe2 e6 7. c4 Be7 8.
d4 cxd4 9. Nxd4 a6 10. b3 O-O 11. Bb2 Rc8 12. Nc3 Qa5 13. Kh1 Qh5 14. Qxh5 Nxh5
15. Rad1 g5 16. Nde2 Rfd8 17. f3 Ne5 18. Rd2 Rb8 19. Nd4 Nf6 20. Rfd1 Ne8 21.
g3 Nc7 22. f4 Ng6 23. Nce2 h6 24. Kg2 1/2-1/2

[Event "DEM U16 2012"]
[Site "Oberhof GER"]
[Date "2012.05.27"]
[Round "2"]
[White "Imcke, Patrick"]
[Black "Kyas, Philipp"]
[Result "1/2-1/2"]
[Termination "normal"]
[Board "7"]
[WhiteElo "1855"]
[BlackElo "2100"]
[PlyCount "47"]
[WhiteFideId "4622502"]
[BlackFideId "24670936"]
[EventCountry "GER"]
[EventRounds "9"]
[EventType "swiss"]
[EventDate "2012.05.26"]

1. e4 e5 2. Nf3 Nc6 3. Nc3 Nf6 4. d4 exd4 5. Nxd4 Bb4 6. Nxc6 bxc6 7. Bd3 d6 8.
Bg5 Qe7 9. O-O Qe5 10. Qd2 O-O 11. Rae1 Ng4 12. f4 Bc5+ 13. Kh1 Qd4 14. Nd1 Ba6
15. Qe2 Bxd3 16. cxd3 Nf6 17. Bh4 Nd7 18. Bf2 Qf6 19. Nc3 Bxf2 20. Qxf2 Nc5 21.
Qe3 Rab8 22. Rf2 Rb4 23. e5 Qf5 24. Ne4 1/2-1/2

[Event "DEM U16 2012"]
[Site "Oberhof GER"]
[Date "2012.05.27"]
[Round "2"]
[White "Yankelevich, Lev"]
[Black "Stahnecker, Ludwig"]
[Result "1-0"]
[Termination "normal"]
[Board "8"]
[WhiteElo "2162"]
[BlackElo "2101"]
[PlyCount "47"]
[WhiteFideId "24684074"]
[BlackFideId "24692026"]
[EventCountry "GER"]
[EventRounds "9"]
[EventType "swiss"]
[EventDate "2012.05.26"]

1. e4 e5 2. Nf3 Nc6 3. Bb5 a6 4. Ba4 Nf6 5. d3 b5 6. Bb3 Be7 7. O-O d6 8. c3
O-O 9. Nbd2 Na5 10. Bc2 c5 11. Re1 Nc6 12. Nf1 Re8 13. Bg5 h6 14. Bh4 Be6 15.
h3 Qc7 16. Ne3 d5 17. Bxf6 dxe4 18. Bxe7 exf3 19. Bxc5 fxg2 20. Qf3 e4 21. Qxe4
Bxh3 22. Qf3 Qd7 23. d4 g5 24. Bf5 1-0

[Event "DEM U16 2012"]
[Site "Oberhof GER"]
[Date "2012.05.27"]
[Round "2"]
[White "Tennert, Simon"]
[Black "Kreyssig, Robert"]
[Result "1-0"]
[Termination "normal"]
[Board "9"]
[WhiteElo "2074"]
[BlackElo "1935"]
[PlyCount "47"]
[WhiteFideId "1270445"]
[BlackFideId "4662881"]
[EventCountry "GER"]
[EventRounds "9"]
[EventType "swiss"]
[EventDate "2012.05.26"]

1. e4 c5 2. Nf3 Nc6 3. Nc3 g6 4. d4 cxd4 5. Nxd4 Bg7 6. Nf3 d6 7. Bc4 Nf6 8. h3
O-O 9. O-O a6 10. Re1 b5 11. Bb3 Bb7 12. Nd5 e6 13. Nxf6+ Bxf6 14. c3 Na5 15.
Bf4 Nxb3 16. axb3 e5 17. Bh6 Bg7 18. Qd2 Qe7 19. Rad1 Bxh6 20. Qxh6 f5 21. Ng5
fxe4 22. Rxd6 Rf5 23. Rxg6+ hxg6 24. Qxg6+ 1-0

[Event "DEM U16 2012"]
[Site "Oberhof GER"]
[Date "2012.05.27"]
[Round "2"]
[White "Grötzbach, Julian"]
[Black "Schreiber, Kevin"]
[Result "1/2-1/2"]
[Termination "normal"]
[Board "10"]
[WhiteElo "2042"]
[BlackElo "1869"]
[PlyCount "54"]
[WhiteFideId "24600938"]
[BlackFideId "24655830"]
[EventCountry "GER"]
[EventRounds "9"]
[EventType "swiss"]
[EventDate "2012.05.26"]

1. e4 c5 2. Nf3 e6 3. d4 cxd4 4. Nxd4 a6 5. Bd3 Nc6 6. Nxc6 bxc6 7. c4 Bc5 8.
O-O e5 9. Nc3 d6 10. Kh1 Ne7 11. Qe2 O-O 12. Be3 Bxe3 13. Qxe3 Rb8 14. b3 c5
15. g3 Nc6 16. f4 exf4 17. gxf4 f5 18. exf5 Nd4 19. Nd5 Bxf5 20. Ne7+ Kh8 21.
Nxf5 Nxf5 22. Qh3 Qf6 23. Rad1 Rbd8 24. Be4 g6 25. Bxf5 Qxf5 26. Qf3 Rf6 27.
Rde1 Rdf8 1/2-1/2

[Event "DEM U16 2012"]
[Site "Oberhof GER"]
[Date "2012.05.27"]
[Round "2"]
[White "Grewenig, Jan"]
[Black "Katz, Leo"]
[Result "1/2-1/2"]
[Termination "normal"]
[Board "11"]
[WhiteElo "1918"]
[BlackElo "1817"]
[PlyCount "61"]
[WhiteFideId "4657330"]
[BlackFideId "12918458"]
[EventCountry "GER"]
[EventRounds "9"]
[EventType "swiss"]
[EventDate "2012.05.26"]

1. e4 e6 2. d4 d5 3. Nd2 Be7 4. c3 Nf6 5. e5 Nfd7 6. f4 c5 7. Ndf3 Nc6 8. Bd3
b6 9. Ne2 Bb7 10. Be3 Qc7 11. O-O f5 12. a3 O-O-O 13. b4 c4 14. Bc2 Rdg8 15. h3
h6 16. Qd2 Qd8 17. Kf2 Nf8 18. Ke1 Kc7 19. Kd1 Bc8 20. Kc1 Bd7 21. Kb2 Be8 22.
Rg1 Bf7 23. g4 g6 24. Qe1 Nh7 25. Kc1 Kb7 26. Kd2 Kc7 27. Qb1 Qc8 28. Qb2 Qd8
29. Rab1 Kb7 30. a4 Be8 31. a5 1/2-1/2

[Event "DEM U16 2012"]
[Site "Oberhof GER"]
[Date "2012.05.27"]
[Round "2"]
[White "Passon, Marcel"]
[Black "Arnoczky, Philipp"]
[Result "0-1"]
[Termination "normal"]
[Board "12"]
[WhiteElo "1894"]
[BlackElo "1999"]
[PlyCount "60"]
[WhiteFideId "12905186"]
[BlackFideId "12913243"]
[EventCountry "GER"]
[EventRounds "9"]
[EventType "swiss"]
[EventDate "2012.05.26"]

1. d4 Nf6 2. c4 c5 3. d5 b5 4. cxb5 a6 5. f3 d6 6. e4 g6 7. Nc3 Bg7 8. a4 Nfd7
9. Ra3 axb5 10. Bxb5 Ba6 11. Nge2 Bxb5 12. Nxb5 Nb6 13. Qc2 Na6 14. O-O Qd7 15.
Bd2 O-O 16. Bc3 Nb4 17. Qb3 Nxa4 18. Bxg7 Kxg7 19. Rxa4 Qxb5 20. Nc3 Qd3 21.
Rfa1 Qe3+ 22. Kh1 Nd3 23. h3 Rab8 24. Qa3 Rxb2 25. Nd1 Qe1+ 26. Kh2 Rxg2+ 27.
Kxg2 Nf4+ 28. Kh2 Qe2+ 29. Kg3 Nh5+ 30. Kh4 Qe1+ 0-1

[Event "DEM U16 2012"]
[Site "Oberhof GER"]
[Date "2012.05.27"]
[Round "2"]
[White "Florstedt, Johannes"]
[Black "Persch, Adrian"]
[Result "1-0"]
[Termination "normal"]
[Board "13"]
[WhiteElo "2093"]
[BlackElo "2030"]
[PlyCount "89"]
[WhiteFideId "12922293"]
[BlackFideId "24698830"]
[EventCountry "GER"]
[EventRounds "9"]
[EventType "swiss"]
[EventDate "2012.05.26"]

1. e4 c6 2. Nc3 d5 3. Qe2 d4 4. Nd1 e5 5. g3 Qc7 6. d3 Bd6 7. Bg2 Ne7 8. Nf3 h6
9. O-O Bg4 10. h3 Bh5 11. g4 Bg6 12. Nh4 Nd7 13. c3 c5 14. cxd4 cxd4 15. Bd2 h5
16. Rc1 Qb8 17. Nxg6 fxg6 18. g5 O-O 19. h4 Nc5 20. Bh3 b6 21. b3 a5 22. Nb2 b5
23. Rc2 a4 24. bxa4 Nxa4 25. Rb1 Nc5 26. Nc4 Ra4 27. Nxd6 Qxd6 28. Rxb5 Ne6 29.
Bb4 Rxb4 30. Bxe6+ Kh7 31. Rxb4 Qxb4 32. Kg2 Qd6 33. Bh3 Ra8 34. Rc4 Nc6 35. a4
Nb4 36. Qd1 Na2 37. Qb3 Nc3 38. Qb7 Rxa4 39. Rc7 Qf8 40. Rf7 Qg8 41. Qe7 Ra8
42. Bf5 Ne2 43. Bxg6+ Kxg6 44. Qe6+ Kh7 45. Qh6# 1-0

[Event "DEM U16 2012"]
[Site "Oberhof GER"]
[Date "2012.05.27"]
[Round "2"]
[White "Knopf, Felix"]
[Black "Gibicar, Danijel"]
[Result "1/2-1/2"]
[Termination "normal"]
[Board "14"]
[WhiteElo "1790"]
[BlackElo "2100"]
[PlyCount "44"]
[WhiteFideId "24692204"]
[BlackFideId "24660256"]
[EventCountry "GER"]
[EventRounds "9"]
[EventType "swiss"]
[EventDate "2012.05.26"]

1. d4 Nf6 2. Nf3 g6 3. c4 c5 4. d5 b5 5. cxb5 a6 6. b6 d6 7. Nc3 Bg7 8. h3 O-O
9. e4 Qxb6 10. Be2 Ne8 11. O-O Nd7 12. Qc2 Rb8 13. Nd2 Qc7 14. a4 Nb6 15. Re1
e6 16. a5 Nd7 17. Nc4 Bb7 18. dxe6 fxe6 19. Bg4 Ne5 20. Bxe6+ Kh8 21. Ne3 Qe7
22. Ba2 Nc6 1/2-1/2

[Event "DEM U16 2012"]
[Site "Oberhof GER"]
[Date "2012.05.27"]
[Round "2"]
[White "Müller, Nick"]
[Black "Kardoeus, David"]
[Result "1-0"]
[Termination "normal"]
[Board "15"]
[WhiteElo "2065"]
[BlackElo "1771"]
[PlyCount "86"]
[WhiteFideId "24692093"]
[BlackFideId "12912050"]
[EventCountry "GER"]
[EventRounds "9"]
[EventType "swiss"]
[EventDate "2012.05.26"]

1. d4 Nf6 2. c4 c5 3. d5 b5 4. cxb5 a6 5. b6 d6 6. Nc3 g6 7. e4 Bg7 8. Qb3 Bb7
9. a4 a5 10. Bb5+ Nbd7 11. Nf3 O-O 12. O-O Qxb6 13. Bf4 Ng4 14. Ra3 Nde5 15.
Nd2 f5 16. Nc4 Nxc4 17. Bxc4 Qb4 18. Na2 Qxb3 19. Rxb3 fxe4 20. Bg5 Ba6 21.
Bxa6 Rxa6 22. Bxe7 Re8 23. Bh4 e3 24. fxe3 c4 25. Rb7 Nxe3 26. Bf6 Bh6 27. Re1
Rf8 28. Be7 Rf7 29. Nc3 Nf5 30. Rb8+ Kg7 31. Bd8 Be3+ 32. Kh1 Bd2 33. Rb1 Nd4
34. Ne4 Bh6 35. Bb6 Nf5 36. g4 Be3 37. gxf5 Rxb6 38. Rxb6 Bxb6 39. Nxd6 Rd7 40.
Nxc4 Bc7 41. d6 Bxd6 42. Rd1 Rc7 43. Nxd6 gxf5 1-0

[Event "DEM U16 2012"]
[Site "Oberhof GER"]
[Date "2012.05.27"]
[Round "2"]
[White "Pixa, Richard"]
[Black "Kühne, Niklas"]
[Result "0-1"]
[Termination "normal"]
[Board "16"]
[WhiteElo "1875"]
[BlackElo "1724"]
[PlyCount "60"]
[WhiteFideId "4626095"]
[BlackFideId "24690015"]
[EventCountry "GER"]
[EventRounds "9"]
[EventType "swiss"]
[EventDate "2012.05.26"]

1. d4 d5 2. c4 e6 3. Nc3 Nf6 4. cxd5 exd5 5. Bg5 Be7 6. e3 O-O 7. Bd3 c6 8.
Nge2 Nbd7 9. Qc2 h6 10. Bf4 Nh5 11. g4 Nxf4 12. Nxf4 Bh4 13. O-O-O Nf6 14. h3
Re8 15. Kb1 Qe7 16. Ng2 Ne4 17. Bxe4 dxe4 18. Nxh4 Qxh4 19. Nxe4 Be6 20. Nd6
Re7 21. Nf5 Bxf5 22. Qxf5 g6 23. Qf3 Re6 24. Rd2 Qe7 25. Rhd1 Rc8 26. Qf4 Kg7
27. d5 cxd5 28. Rxd5 Re4 29. Qf3 Rec4 30. Rd7 Qxd7 0-1